Elementary engineering drawing (Record no. 64471)
[ view plain ]
| 000 -LEADER | |
|---|---|
| fixed length control field | 00531nam a22001937a 4500 |
| 003 - CONTROL NUMBER IDENTIFIER | |
| control field | NUST-PNEC |
| 005 - DATE AND TIME OF LATEST TRANSACTION | |
| control field | 20170116180846.0 |
| 008 - FIXED-LENGTH DATA ELEMENTS--GENERAL INFORMATION | |
| fixed length control field | 140709b xxu||||| |||| 00| 0 eng d |
| 040 ## - CATALOGING SOURCE | |
| Transcribing agency | PNEC |
| 082 ## - DEWEY DECIMAL CLASSIFICATION NUMBER | |
| Classification number | 604.2 BHA |
| 100 ## - MAIN ENTRY--PERSONAL NAME | |
| 9 (RLIN) | 138 |
| Personal name | Bhatt, N.D. |
| 245 ## - TITLE STATEMENT | |
| Title | Elementary engineering drawing |
| Remainder of title | Plane and solid geometary |
| Statement of responsibility, etc. | N.D. Bhatt |
| 250 ## - EDITION STATEMENT | |
| Edition statement | 23rd ed. |
| 260 ## - PUBLICATION, DISTRIBUTION, ETC. | |
| Place of publication, distribution, etc. | Anand (India) |
| Name of publisher, distributor, etc. | Charotar Publishing House |
| Date of publication, distribution, etc. | c.1984 |
| 300 ## - PHYSICAL DESCRIPTION | |
| Extent | xv, 597p. : |
| Other physical details | ill. : |
| Dimensions | 20 cm. |
| 500 ## - GENERAL NOTE | |
| General note | Includes Index |
| 650 ## - SUBJECT ADDED ENTRY--TOPICAL TERM | |
| General subdivision | ME |
| 942 ## - ADDED ENTRY ELEMENTS (KOHA) | |
| Source of classification or shelving scheme | |
| Koha item type | Book |
| Withdrawn status | Lost status | Source of classification or shelving scheme | Damaged status | Not for loan | Permanent Location | Current Location | Shelving location | Date acquired | Total Checkouts | Full call number | Barcode | Date last seen | Date last checked out | Price effective from | Koha item type |
|---|---|---|---|---|---|---|---|---|---|---|---|---|---|---|---|
| Pakistan Navy Engineering College (PNEC) | Pakistan Navy Engineering College (PNEC) | 4 | 604.2 BHA | PNEClib-028915 | 10/28/2016 | 10/28/2016 | Book | ||||||||
| Pakistan Navy Engineering College (PNEC) | Pakistan Navy Engineering College (PNEC) | 4 | 604.2 BHA | PNEClib-028898 | 11/09/2016 | 11/09/2016 | Book | ||||||||
| Pakistan Navy Engineering College (PNEC) | Pakistan Navy Engineering College (PNEC) | 1 | 604.2 BHA | PNECLIB-018639 | 11/28/2016 | 11/28/2016 | Book |
